Statistics for Founding Members of NATO

Click here to take the quiz!

General Stats

  • This quiz has been taken 70 times
  • The average score is 11 of 12

Answer Stats

HintAnswer% Correct
North AmericaCanada
100%
EuropeItaly
100%
North AmericaUnited States
100%
EuropeBelgium
98%
EuropeFrance
98%
EuropeUnited Kingdom
98%
EuropeLuxembourg
96%
EuropeNetherlands
96%
EuropeDenmark
94%
EuropeNorway
92%
EuropePortugal
92%
EuropeIceland
75%

Score Distribution

Percentile by Number Answered

Percent of People with Each Score

Your Score History

You have not taken this quiz